[Event "CaroKannisons!"]
[Site "SchemingMind.com"]
[Date "2006.02.12"]
[Round "-"]
[White "janeck"]
[Black "madad"]
[Result "1-0"]
[WhiteCountry "FRA"]
[BlackCountry "GBR"]
[WhiteElo "1584"]
[WhiteRD "86"]
[BlackElo "1360"]
[BlackRD "115"]
[GameID "38850"]

1. e4 c6 2. d4 d5 3. exd5 Qxd5 4. Nf3 Na6 5. c4 Qa5+ 6. Nc3 e6 7. Bd3 Bb4 8. Bd2 Nf6 9. O-O Qc7 10. Re1 Ng4
11. h3 Nh6 12. Bxh6 gxh6 13. Rc1 Qf4 14. Re4 Qf6 15. Ne2 Rg8 16. Ng3 Bd6 17. a3 Qg7 18. Rg4 Qh8 19. Rxg8+ Qxg8 20. c5 Bf4
21. Rc2 Bd7 22. Ne5 Bxg3 23. fxg3 Qxg3 24. Bxh7 O-O-O 25. Nxf7 Rf8 26. Ne5 Qe3+ 27. Kh1 Be8 28. Qg4 Rf1+ 29. Kh2 Qg1+ 30. Kg3 Qe3+
31. Nf3 Kd8 32. Qg7 Bh5 33. Qf8+ Kd7 34. Qf4 Qf2+ 35. Rxf2 Rxf2 36. Kxf2 Be8 37. Qd6+ Kc8 38. Ne5 h5= 39. Qxe6+
1-0

[Event "CaroKannisons!"]
[Site "SchemingMind.com"]
[Date "2006.02.11"]
[Round "-"]
[White "wom_bat"]
[Black "madad"]
[Result "1-0"]
[WhiteCountry "GER"]
[BlackCountry "GBR"]
[WhiteElo "1636"]
[WhiteRD "113"]
[BlackElo "1342"]
[BlackRD "117"]
[GameID "38851"]

1. e4 c6 2. d4 d5 3. exd5 Qxd5 4. Nc3 Qe6+ 5. Be2 Qf5 6. Nf3 Qg6 7. O-O Bh3 8. Ng5 Bf5 9. Bh5 Qf6 10. Nxf7 Be4
11. Nxe4 Qf5 12. Nfd6+ Kd7 13. Nxf5 g6 14. Bg4 gxf5 15. Bxf5+ Kd8 16. Bg5 Bh6 17. Re1 Na6 18. d5 cxd5 19. Qxd5+ Kc7 20. Qe5+ Kc6
21. Qxh8 Bxg5 22. Rad1 Rf8 23. Qc3+ Kb5 24. Rd5+ Kb6 25. Qa5+ Kc6 26. Bd7#
1-0

[Event "CaroKannisons!"]
[Site "SchemingMind.com"]
[Date "2006.02.13"]
[Round "-"]
[White "agarr"]
[Black "madad"]
[Result "1-0"]
[WhiteCountry "RUS"]
[BlackCountry "GBR"]
[WhiteElo "1688"]
[WhiteRD "68"]
[BlackElo "1342"]
[BlackRD "117"]
[GameID "38853"]

1. e4 c6 2. d4 d5 3. e5 h5 4. Bd3 Bg4 5. Nf3 Na6 6. c3 Bxf3 7. Qxf3 g5 8. Bxg5 Nh6 9. O-O Rg8 10. Bxh6 Qc8
11. Bxf8 Rxf8 12. Qxh5 Nc7 13. f4 Ne6 14. f5 Ng7 15. Qh7 Qd7 16. Qxg7 e6 17. fxe6 Qxe6 18. Rf6 Qe7 19. Bf5 Rd8 20. Nd2 c5
21. Rf1 cxd4 22. cxd4 Qb4 23. e6 Qe7 24. exf7+ Rxf7 25. Bg6 Rd7 26. Qg8+ Qf8 27. Qxf8+ Kxf8 28. Rxf7+ Rxf7 29. Rxf7+ Ke8 30. Rxb7+ Kd8
31. Nf3 Kc8 32. Rg7 Kb8 33. Bf5 a6 34. Ne5 Ka8 35. Nc6 a5 36. Ra7#
1-0

[Event "CaroKannisons!"]
[Site "SchemingMind.com"]
[Date "2006.02.11"]
[Round "-"]
[White "asanopiyo"]
[Black "madad"]
[Result "1-0"]
[WhiteCountry "JPN"]
[BlackCountry "GBR"]
[WhiteElo "1642"]
[WhiteRD "137"]
[BlackElo "1420"]
[BlackRD "189"]
[GameID "38854"]

1. e4 c6 2. d4 d5 3. exd5 Qxd5 4. Nf3 Na6 5. Nc3 Qe6+ 6. Be2 Nb4 7. Bf4 Qg6 8. Bd3 Qxg2 9. Rg1 Qh3 10. Ng5 Qh4
11. Be3 h6 12. Nge4 Qxh2 13. Kd2 h5 14. Be2 Nf6 15. Rh1 Qg2 16. Nxf6+ gxf6 17. Bf3 Qg6 18. Rg1 Qf5 19. Be4 Qe6 20. Qe2 Qd6
21. Qf3 Bh6 22. Bxh6 Rxh6 23. Rg8+ Kd7 24. Rag1 Qxd4+ 25. Kc1 Qc4 26. Rd1+ Ke6 27. Qf5#
1-0

[Event "CaroKannisons!"]
[Site "SchemingMind.com"]
[Date "2006.02.10"]
[Round "-"]
[White "rookish1012"]
[Black "madad"]
[Result "1-0"]
[WhiteCountry "CAN"]
[BlackCountry "GBR"]
[WhiteElo "2243"]
[WhiteRD "155"]
[BlackElo "1420"]
[BlackRD "189"]
[GameID "38855"]

1. e4 c6 2. d4 d5 3. Nd2 dxe4 4. Nxe4 Bf5 5. Ng3 Qa5+ 6. Bd2 Qd5 7. Nxf5 Qxf5 8. Bd3 Qe6+ 9. Ne2 Na6 10. O-O Qd5
11. Rc1 e6 12. Bxa6 bxa6 13. c4 Qh5 14. Qa4 Rc8 15. Qxa6 Rc7 16. Ba5 Bd6 17. Ng3 Qh6 18. Bxc7 Bxc7 19. Qxc6+ Kd8 20. d5 Ne7
21. Qa8+ Nc8 22. Rcd1 Qh4 23. dxe6+ Ke7 24. Rd7+ Kxe6 25. Qd5+ Kf6 26. Qf5#
1-0